Score 0/18 Timer 02:00
2 Plays Today
Hint Missing Word % Correct
That '70s _____Show
98.5%
Two and a _____ MenHalf
96.2%
_____ Year's Eve New
95.9%
What _____ in VegasHappens
94.1%
Dude, Where's My _____?Car
92.4%
No _____ AttachedStrings
91.2%
The _____ EffectButterfly
69.1%
My Boss's _____Daughter
67.4%
Reindeer _____Games
61.5%
Hint Missing Word % Correct
_____ MarriedJust
59.9%
A _____ Like LoveLot
53.8%
_____ WhoGuess
40%
_____ SeasonOpen
30.6%
Robot _____Chicken
26.6%
_____ DayValentine's
18.5%
_____ SoonComing
17.4%
_____ RangersTexas
15.4%
_____ for LifeGrounded
13.7%

Today's Daily Dose

Remove Ads.
Support Sporcle.
Get the best of Sporcle when you Go Orange. This ad-free experience offers more features, more stats, and more fun while also helping to support Sporcle. Thank you for becoming a member.

You're not logged in!

Compare scores with friends on all Sporcle quizzes.
OR
Log In

Show Comments

Extras

Top Quizzes Today


Score Distribution

Your Account Isn't Verified!

In order to create a playlist on Sporcle, you need to verify the email address you used during registration. Go to your Sporcle Settings to finish the process.

Report this User

Report this user for behavior that violates our Community Guidelines.

Details: